000 00258nam a22001217a 4500
008 171030b xxu||||| |||| 00| 0 eng d
041 _aALB
080 _a336
100 _a56
101 _aFIN
245 _aPARAJA DHE BANKA
_cKOTORRI.A
942 _2udc
_cBK
999 _c36311
_d36311